Komplexné hodnotenie akosti : Metodika. Príklady

Gespeichert in:
Bibliographische Detailangaben
1. Verfasser: Cholewicka-Gozdzik, Krystyna (Verfasst von)
Format: Buch
Sprache:Slowakisch
Veröffentlicht: Bratislava : Alfa, 1989
Tags: Tag hinzufügen
Keine Tags, Fügen Sie das erste Tag hinzu!

MARC

LEADER 00000nam a22000003a 4500
001 stu26657
005 20150617225739.1
008 920416s1989----cs------------------slo-d
020 |a 80-05-00100-2 
040 |a STU  |b slo 
041 0 |a slo 
044 |a cs 
080 |a 658.562 
100 1 |a Cholewicka-Gozdzik, Krystyna  |4 aut 
245 1 |a Komplexné hodnotenie akosti :  |b Metodika. Príklady 
260 |a Bratislava :  |b Alfa,  |c 1989 
300 |a 272 s 
996 |c V*40525/O-17155  |l VV16  |s P  |a 0  |w stu26657_0001